| 000 | 00959nam0a22002411i 4500 | ||
|---|---|---|---|
| 001 | rc\881176 | ||
| 005 | 20240723123511.0 | ||
| 035 | _a(NLR Aleph) 006058788 | ||
| 090 |
_a4886474 _c4886474 |
||
| 100 | _a20041129d1983 u |0rusy50 ca | ||
| 101 | 0 | _arus | |
| 102 | _aRU | ||
| 105 | _ay ||||||||| | ||
| 200 | 1 |
_aКороед Dendvoctonus Micans Kug. в Северной Прибалтике _e(Распр., экология, хоз. значение, принципы защиты леса) _eАвтореф. дис. на соиск. учен. степ. к. б. н. |
|
| 210 |
_aКрасноярск _d1983 |
||
| 215 | _a19 с. | ||
| 300 | _aВ надзаг.: АН СССР, СО, Ин-т леса и древесины им. В.Н. Сукачева | ||
| 320 | _aБиблиогр.: с. 18-19 | ||
| 700 | 1 |
_aВоолма _bК.К. _gКальо Карлович |
|
| 801 | 0 |
_aRU _bNLR _gpsbo |
|
| 801 | 1 |
_aRU _bELAR _2rusmarc |
|
| 852 |
_aNLR _j85-4/36525 |
||
| 942 | _cBOOK | ||